000 00835cab a2200253 4500
001 WB3446-52
008 090401t1998 xxu||||| |||| 00| 0 eng d
035 _a(Sirsi) u90132
041 _aeng
245 _aDTI support for coalfields
260 _c1998
350 _a0
490 _aDTI Press Notice
_v(P/98/965) 1 December 1998
490 _aDTI Press Release
_v(1015) 1 December 1998 (4)
520 _aAs part of the government response to the Coalfields Task Force Report, a DTI £10m grant has been given to boost regeneration projects in former coal mining areas.
650 _aCOALFIELD AREAS
650 _aCOALFIELD ENTERPRISE FUND
650 _aCOALFIELDS REGENERATION TRUST
650 _aCOALFIELDS TASK FORCE
650 _aURBAN REGENERATION
690 _aURBAN RENEWAL
942 _n0
948 _c03/12/1998
999 _c57094
_d57094